[Event "HUN-chT2 Barcza 1718"]
[Site "Hungary"]
[Date "2017.11.26"]
[Round "4.11"]
[White "Pal, Martin"]
[Black "Galko, Tibor"]
[Result "0-1"]
[WhiteElo "1424"]
[BlackElo "1901"]
[PlyCount "94"]
[EventDate "2017.09.24"]
[EventType "team-tourn"]
[EventRounds "11"]
[EventCountry "HUN"]
[SourceTitle "EXT 2021"]
[Source "ChessBase"]
[SourceDate "2020.10.23"]
[SourceVersion "1"]
[SourceVersionDate "2020.10.23"]
[SourceQuality "1"]
[WhiteTeam "Kazincbarcika"]
[BlackTeam "Edeleny"]
[WhiteTeamCountry "HUN"]
[BlackTeamCountry "HUN"]

1. d4 d5 2. c4 c6 3. e3 Nf6 4. Nc3 e6 5. f3 dxc4 6. Bxc4 b5 7. Bd3 Qb6 8. Nge2 a6 9. 0-0 Bb7 10. a3 c5 11. dxc5 Bxc5 12. Qd2 Qa7 13. Re1 Nbd7 14. Ng3 Ne5 15. b4 Bb6 16. Be4 Nc4 17. Qe2 0-0 18. a4 Nxe4 19. Ngxe4 Bxe4 20. Nxe4 Qc7 21. a5 Ba7 22. Bd2 f5 23. Ng5 Qe5 24. Rac1 f4 25. Ne4 Nxd2 26. Qxd2 Bxe3+ 27. Rxe3 fxe3 28. Qxe3 Rfd8 29. Qb3 Qd4+ 30. Nf2 Qd5 31. Qb2 Qd2 32. Qxd2 Rxd2 33. Ne4 Rd4 34. Rb1 Rad8 35. Nc5 Rd1+ 36. Rxd1 Rxd1+ 37. Kf2 Rd6 38. Ke3 Kf7 39. h4 e5 40. g4 h6 41. Kf2 Ke7 42. Kg3 Rc6 43. g5 Rxc5 44. bxc5 b4 45. Kf2 b3 46. c6 b2 47. c7 Kd7 0-1